Personnages de séries TV de A à Z en images - Statistiques

Statistiques générales
  • Ce quiz a été pris 1 669 fois
    1 253 depuis la dernière actualisation
  • Le résultat moyen est 10 sur 26
Statistiques - réponses
Par images Hint Réponse % Correct
A Arthur
79%
M Monica Geller
75%
W Walter White
75%
N Nairobi
66%
T Thomas "Tommy" Shelby
64%
G Gabrielle Solis
60%
R Rick Grimes
53%
P Penny
52%
X Xavier Thorpe
48%
B Barney Stinson
45%
V Vecna
45%
J Joffrey Baratheon
42%
L Lincoln Burrows
41%
E Ellie Williams
38%
K Klaus Hargreeves
25%
D Dean Winchester
24%
F Floki
24%
S Spencer Reid
24%
I Isadora Artinan
23%
Y Yennefer
22%
Q Quentin Fields
21%
U Uriel
17%
H Hugo "Hurley" Reyes
13%
O Oswald Cobblepot
13%
Z Zelena Mills
12%
C Clay Morrow
6%
Aucun quiz correspondant
Distribution des résultats
% des personnes avec chaque résultat
Percentile par nombre de réponses
Votre historique - résultats
Vous n’avez pas pris ce quiz depuis la dernière actualisation